日本のコストコ店舗 - Statistics

General Stats
  • This quiz has been taken 178 times
  • The average score is 9 of 33
Answer Stats
Hint Answer % Correct
北海道 札幌倉庫店
66%
群馬県 前橋倉庫店
48%
茨城県 つくば倉庫店
45%
神奈川県 川崎倉庫店
43%
広島県 広島倉庫店
43%
千葉県 幕張倉庫店
40%
千葉県 木更津倉庫店
35%
静岡県 浜松倉庫店
31%
兵庫県 神戸倉庫店
31%
埼玉県 新三郷倉庫店
29%
茨城県 ひたちなか倉庫店
27%
福岡県 北九州倉庫店
27%
東京都 多摩境倉庫店
26%
岐阜県 岐阜羽島倉庫店
26%
兵庫県 尼崎倉庫店
26%
北海道 石狩倉庫店
25%
埼玉県 入間倉庫店
25%
神奈川県 座間倉庫店
25%
山形県 かみのやま倉庫店
24%
宮城県 富谷倉庫店
23%
大阪府 門真倉庫店
23%
石川県 野々市倉庫店
21%
大阪府 和泉倉庫店
20%
千葉県 千葉ニュータウン倉庫店
19%
栃木県 壬生倉庫店
18%
愛知県 守山倉庫店
18%
富山県 射水倉庫店
18%
愛知県 中部空港倉庫店
15%
福岡県 久山倉庫店
14%
群馬県 群馬明和倉庫店
13%
神奈川県 金沢シーサイド倉庫店
13%
京都府 京都八幡倉庫店
13%
熊本県 熊本御舟倉庫店
5%
No matching quizzes found
Score Distribution
Percent of People with Each Score
Percentile by Number Answered
Your Score History
You have not taken this quiz